|
|
|
|
| LEADER |
00000nam0a2200000 4500 |
| 001 |
275332 |
| 005 |
20231101234819.0 |
| 020 |
|
|
|a RU
|b 85-86012
|
| 035 |
|
|
|a (RuTPU)RU\TPU\book\298573
|
| 090 |
|
|
|a 275332
|
| 100 |
|
|
|a 20141113d1985 k y0rusy5003 ca
|
| 101 |
0 |
|
|a rus
|
| 102 |
|
|
|a UZ
|
| 105 |
|
|
|a ab z 000zy
|
| 200 |
1 |
|
|a Литосфера Средней Азии по сейсмическим данным
|f Ф. Х. Зуннунов
|g Академия наук Узбекской ССР (АН УзССР), Институт геологии и геофизики им. Х. М. Абдуллаева
|
| 210 |
|
|
|a Ташкент
|c Фан
|d 1985
|
| 215 |
|
|
|a 108 с.
|c ил., карт.
|
| 606 |
1 |
|
|a Земная кора
|x Строение
|2 stltpush
|3 (RuTPU)RU\TPU\subj\11790
|9 38688
|
| 610 |
1 |
|
|a литосфера
|
| 610 |
1 |
|
|a сейсмические наблюдения
|
| 610 |
1 |
|
|a Средняя Азия
|
| 610 |
1 |
|
|a сейсмические данные
|
| 610 |
1 |
|
|a волновые поля
|
| 610 |
1 |
|
|a отраженные волны
|
| 610 |
1 |
|
|a верхняя мантия
|
| 610 |
1 |
|
|a строение
|
| 675 |
|
|
|a 551.24
|z rus
|v 4
|
| 700 |
|
1 |
|a Зуннунов
|b Ф. Х.
|4 070
|
| 712 |
0 |
2 |
|a Академия наук Узбекской ССР (АН УзССР)
|b Институт геологии и геофизики им. Х. М. Абдуллаева
|c (Ташкент)
|2 stltpush
|3 (RuTPU)RU\TPU\col\14202
|
| 801 |
|
0 |
|a RU
|b RuMRKP
|c 19950704
|g psbo
|
| 801 |
|
1 |
|a RU
|b 63413507
|c 20141113
|
| 801 |
|
2 |
|a RU
|b 63413507
|c 20170125
|g RCR
|
| 942 |
|
|
|c BK
|